Andrew Oliphant

NC State A


Categories

Beliefs031025125127.3303
Philosophy021015115119.5001
Fine Arts - Auditory Fine Arts021015113125.5012
Ancient History and Archaeology010010115115.0001
Literature - European Literature010010147147.0001
Other Academic010010107107.0001
Other Arts: Auditory010010127127.0001
Other Science: Astronomy010010113113.0011
Other Science: Math0100109696.0011
Literature - British Literature010010139139.0001
History - European History01105137137.0000
Fine Arts - Visual Fine Arts01105119119.0011
Science - Biology000000.0000
Science - Chemistry0020-100.0000
Science - Physics0020-100.0000

Buzzes

History - European HistorySweden-567
Science - Chemistryphosphorus-572
Science - Chemistryhydrophobicity-572
Beliefsfishing-574
Science - Physicssolenoids-586
Other Science: Mathcontinuity1096
Other AcademicDOOM10107
Fine Arts - Auditory Fine ArtsHungarian Rhapsodies10113
Other Science: Astronomyblue10113
Ancient History and Archaeologysymposia10115